| 000 | 00768nam a22001577a 4500 | ||
|---|---|---|---|
| 003 | OSt | ||
| 005 | 20150927151446.0 | ||
| 008 | 150927b xxu||||| |||| 00| 0 eng d | ||
| 040 | _cRUA | ||
| 082 | _aAGR SAY 2001 B012 Or.1 | ||
| 100 |
_91429 _aSAY, TREUKPHALINE. |
||
| 245 | _aA study on the effect of pesticides on the health of vegetable growers i svayproteal communce, saang district, kanda province, ការសិក្សាពីឥទ្ធិពលថ្នាំកសិកម្ម លើសុខភាពកសិកម្មដាំបន្លែ នៅឃុំស្វាយប្រទាល ស្រុកស្អាង ខេត្តកណ្តាល | ||
| 260 |
_aPhnom Penh _bRUA _c2001 |
||
| 300 |
_a40p. _bill. _c29cm. |
||
| 942 |
_2ddc _cAGR |
||
| 999 |
_c1344 _d1344 |
||